000 00386nam a2200145Ia 4500
999 _c10542
_d10542
003 OSt
005 20220404164625.0
008 220318s9999 xx 000 0 und d
020 _a978471983453
082 _a711.40973
_bGOS
100 _aGosling, Mrs. (Jane),
_d-1804
245 4 _aThe evolution of American urban design : a chronological anthology
260 _aWILEY
942 _2ddc